Rainbow TOEIC Part 7 / Part 7
Shranjeno v:
| Glavni avtor: | |
|---|---|
| Format: | Knjiga |
| Jezik: | English |
| Izdano: |
HCM,
Tổng HợpTPHCM
2009.
|
| Teme: | |
| Oznake: |
Označite
Brez oznak, prvi označite!
|
| Thư viện lưu trữ: | Mạng thư viện Đại học Đà Nẵng |
|---|
| LEADER | 00930cam a22003011a 4500 | ||
|---|---|---|---|
| 001 | 000035098 | ||
| 003 | 11361 | ||
| 005 | 20210327100003.0 | ||
| 008 | 151102s2009 enk 000 eng | ||
| 041 | |a eng | ||
| 082 | |a 420.8 |b CH-M | ||
| 100 | |a Choi Jong Min | ||
| 245 | 0 | |a Rainbow TOEIC Part 7 / |c Choi Jong Min |n Part 7 | |
| 260 | |b Tổng HợpTPHCM |a HCM, |c 2009. | ||
| 300 | |a 271tr. | ||
| 650 | |a Rainbow TOEIC | ||
| 653 | |a TOEIC |a english | ||
| OWN | |a LNN | ||
| 902 | |a TKA | ||
| AVA | |a UDN50 |b LNN |c English |d 420.8 CH-M |e check_holdings |t Error 5003 Not defined in file expand_doc_bib_avail. |h N |j AN | ||
| 999 | |a From the UDN01 | ||
| AVA | |a UDN50 |b LNN |c English |d 420.8 CH-M |e available |t Error 5001 Not defined in file expand_doc_bib_avail. |f 17 |g 0 |h N |i 3 |j AN | ||
| TYP | |a Monograph | ||
| TYP | |a Printed language | ||
| 980 | |a Mạng thư viện Đại học Đà Nẵng | ||